K významu výučby diplomatického jazyka v prípade budúcich diplomatov
Diplomatický jazyk ako nástroj realizácie diplomatických stykov. Status oficiálnych jazykov a pracovných jazykov. Diplomatický jazyk ako predmet výskumu a výučby.
Gespeichert in:
| 1. Verfasser: | |
|---|---|
| Format: | Buchkapitel |
| Sprache: | Slowakisch |
| Schlagworte: | |
| Tags: |
Keine Tags, Fügen Sie das erste Tag hinzu!
|
MARC
| LEADER | 00000nla$a2200000$$$4500 | ||
|---|---|---|---|
| 001 | 0130371 | ||
| 005 | 20240502072507.7 | ||
| 041 | 0 | |a slo | |
| 044 | |a SK | ||
| 245 | 1 | 0 | |a K významu výučby diplomatického jazyka v prípade budúcich diplomatov |c Jarmila Rusiňáková |
| 520 | |a Diplomatický jazyk ako nástroj realizácie diplomatických stykov. Status oficiálnych jazykov a pracovných jazykov. Diplomatický jazyk ako predmet výskumu a výučby. | ||
| 610 | 2 | 0 | |a jazyky cudzie |
| 610 | 2 | 0 | |a diplomacia |
| 610 | 2 | 0 | |a diplomati |
| 610 | 2 | 0 | |a komunikácia |
| 610 | 2 | 0 | |a vzdelávanie |
| 610 | 2 | 0 | |a vzťahy medzinárodné |
| 100 | 1 | |a Rusiňáková, Jarmila, 1959- | |